000 00542cam a2200205ua 4500
001 1594
005 20260515113345.0
008 110712n ii |||gr||||Z||||||asm
020 _a81-7339-012-6
040 _cMAIN
082 _a338.9
100 1 _aBorgohain, Karunakanta,
_eAuthor.
245 1 _aarthanaitik unnyan aru parikalpana
_cby Karunakanta Borgohain
250 _a2nd.
260 _aDibrugarh:
_bBanalata.
_aGuahati:
300 _a279p:
_c23cm.
653 _aEconomics
653 _aEconomic development and planning
942 _cBK
999 _c1481
_d1481